LIBRARY & INFORMATION CENTRE, KCAET, TAVANUR

ONLINE PUBLIC ACCESS CATALOGUE (OPAC)

Handbook of Extension Education (Record no. 13822)

MARC details
000 -LEADER
fixed length control field 00395nam a22001697a 4500
020 ## - INTERNATIONAL STANDARD BOOK NUMBER
ISBN 9788183212489
082 ## - DEWEY DECIMAL CLASSIFICATION NUMBER
Classification number 630.7 RAT/HA
100 ## - MAIN ENTRY--AUTHOR NAME
Personal name Rathire O S
100 ## - MAIN ENTRY--AUTHOR NAME
Personal name Dhakar S D
100 ## - MAIN ENTRY--AUTHOR NAME
Personal name Chauhan M S
100 ## - MAIN ENTRY--AUTHOR NAME
Personal name Ojha S N
245 ## - TITLE STATEMENT
Title Handbook of Extension Education
250 ## - EDITION STATEMENT
Edition statement 3rd rev ed
260 ## - PUBLICATION, DISTRIBUTION, ETC. (IMPRINT)
Place of publication Udaipur
Name of publisher Agrotech Publishing Academy
Year of publication 2012
300 ## - PHYSICAL DESCRIPTION
Number of Pages 128
942 ## - ADDED ENTRY ELEMENTS (KOHA)
Koha item type Books
Holdings
Withdrawn status Lost status Damaged status Collection code Home library Current library Shelving location Date acquired Source of acquisition Cost, normal purchase price Full call number Accession Number Koha item type
      Non-fiction KAUAET KAUAET General Stacks 31/03/2012 Penta Books,Calicut 300.00 630.7 RAT/HA 22862 Books
      Non-fiction KAUAET KAUAET General Stacks 31/03/2012 Penta Books,Calicut 300.00 630.7 RAT/HA 22863 Books
      Non-fiction KAUAET KAUAET General Stacks 31/03/2012 Penta Books,Calicut 300.00 630.7 RAT/HA 22864 Books
free website counter